[Event "2LD 24/25,Lipky HK B-Lipa"]
[Site ""]
[Date "2024.12.01"]
[Round "4.2"]
[White "Cheraghi, Amin"]
[Black "Jares, Michal"]
[WhiteElo "2328"]
[BlackElo "2284"]
[Result "1/2-1/2"]
[PlyCount "135"]

1. e4 c6 2. d4 d5 3. exd5 cxd5 4. c4 Nf6 5. Nc3 g6 6. Qb3 Bg7 7. cxd5 O-O 8.
Be2 Nbd7 9. Bf3 Nb6 10. Nge2 Bg4 11. Bxg4 Nxg4 12. a4 a5 13. Bf4 Nf6 14. d6
exd6 15. O-O Re8 16. Rfe1 Nh5 17. Bg3 Nxg3 18. hxg3 Rc8 19. Qb5 Ra8 20. Rac1 d5
21. Nf4 Bxd4 22. Ncxd5 Rxe1+ 23. Rxe1 Nxd5 24. Nxd5 Qd6 25. Rd1 Qc5 26. Nf6+
Kg7 27. Qxc5 Bxc5 28. Ne4 Bb4 29. Rd7 Re8 30. Nd6 Re1+ 31. Kh2 Re2 32. Nxf7
Rxf2 33. Ng5+ Kh6 34. Nf7+ Kg7 35. Ng5+ Kg8 36. Ne4 Rf7 37. Rd4 Kg7 38. g4 Re7
39. Kg3 Rf7 40. g5 h6 41. gxh6+ Kxh6 42. Rd3 Rc7 43. Kf3 Kg7 44. g4 Kf7 45. Kf4
Kg7 46. b3 Rf7+ 47. Ke5 Re7+ 48. Kf4 Ba3 49. Rd1 Bb2 50. Rd5 Bc1+ 51. Kf3 Rf7+
52. Kg3 b6 53. Nd6 Bf4+ 54. Kg2 Re7 55. Kf3 Bh2 56. Nc4 Bc7 57. Rb5 Rf7+ 58.
Ke3 Rf6 59. g5 Rf5 60. Ke4 Rxb5 61. axb5 Bd8 62. Kd5 Kf7 63. Ne5+ Kg7 64. Nf3
Kf7 65. Kd6 Be7+ 66. Kd7 Bc5 67. Ne5+ Kg7 68. Ke6 1/2-1/2

[Event "2LD 24/25,Lipky HK B-Lipa"]
[Site ""]
[Date "2024.12.01"]
[Round "4.3"]
[White "Cech, Pavel"]
[Black "Rokos, Filip"]
[WhiteElo "2326"]
[BlackElo "2157"]
[Result "1/2-1/2"]
[PlyCount "74"]

1. d4 d5 2. c4 e6 3. Nc3 Nf6 4. Bg5 Be7 5. Nf3 h6 6. Bh4 O-O 7. e3 Nbd7 8. cxd5
Nxd5 9. Bxe7 Qxe7 10. Nxd5 exd5 11. Be2 Nf6 12. O-O Bg4 13. Rc1 Bxf3 14. Bxf3
c6 15. Rc5 Nd7 16. Rc3 f5 17. b4 a6 18. a4 Qxb4 19. Rb3 Qxa4 20. Rxb7 Qxd1 21.
Bxd1 Nf6 22. Ba4 Rfc8 23. Rc1 a5 24. Rb6 Rab8 25. Ra6 Rb2 26. g3 Rcb8 27. Bxc6
Ra2 28. Ra8 Rxa8 29. Bxa8 Kf7 30. Rc7+ Kg6 31. Rc5 Ne4 32. Rxd5 Nxf2 33. Rd6+
Kh7 34. Ra6 Ng4 35. e4 Ra1+ 36. Kg2 Ra2+ 37. Kg1 Ra1+ 1/2-1/2

[Event "2LD 24/25,Lipky HK B-Lipa"]
[Site ""]
[Date "2024.12.01"]
[Round "4.5"]
[White "Winter, Ondrej"]
[Black "Kracik, Tomas"]
[WhiteElo "2217"]
[BlackElo "2169"]
[Result "1-0"]
[PlyCount "51"]

1. e4 c5 2. Nf3 a6 3. c3 d5 4. exd5 Qxd5 5. d4 Nf6 6. Be2 Nc6 7. O-O e6 8. Be3
cxd4 9. cxd4 Be7 10. Nc3 Qa5 11. a3 Nd5 12. Nxd5 Qxd5 13. Qd3 Bf6 14. Rac1 O-O
15. Rc5 Qd6 16. Ne5 Ne7 17. Bf4 Nd5 18. Bg3 Bxe5 19. Bxe5 Qd7 20. Rfc1 b6 21.
Rc7 Qd8 22. Qg3 g6 23. Bf3 f6 24. Qh4 Bd7 25. Bxd5 fxe5 26. Bxe6+ 1-0

[Event "2LD 24/25,Lipky HK B-Lipa"]
[Site ""]
[Date "2024.12.01"]
[Round "4.8"]
[White "Flasar, Jaroslav"]
[Black "Prymula, Roman"]
[WhiteElo "2017"]
[BlackElo "2167"]
[Result "1-0"]
[PlyCount "101"]

1. e4 c5 2. Nf3 Nc6 3. d4 cxd4 4. Nxd4 e5 5. Nb5 d6 6. N1c3 a6 7. Na3 Be6 8.
Nd5 Bxd5 9. exd5 Nce7 10. c4 f5 11. Qb3 Qd7 12. Be3 Nf6 13. Rd1 f4 14. Bb6 Nc8
15. Ba5 Ne4 16. Qc2 Nf6 17. Bd3 g6 18. f3 Bg7 19. O-O b6 20. Bc3 O-O 21. Nb1
Ne7 22. Nd2 Nf5 23. Bxf5 gxf5 24. b4 Rac8 25. Qb3 Rc7 26. a4 Kh8 27. a5 bxa5
28. bxa5 Rb7 29. Qc2 Rc8 30. Qd3 Re8 31. Rfe1 Qc8 32. Qc2 Rc7 33. Rc1 Rce7 34.
Qb2 Kg8 35. Bb4 Qb8 36. Qa3 Rd7 37. Rb1 e4 38. Bc3 Qa7+ 39. Rb6 exf3 40. Rxe8+
Nxe8 41. Bxg7 Rxg7 42. Qxf3 Qc7 43. Rxa6 Re7 44. Qxf4 Re2 45. Qd4 Qe7 46. Nf3
Re1+ 47. Kf2 Qe2+ 48. Kg3 Rd1 49. Qf4 Rd3 50. Qxf5 Re3 51. Ra7 1-0

[Event "2LD 24/25,Jihlava B-Policka"]
[Site ""]
[Date "2024.12.01"]
[Round "4.1"]
[White "Seidl, Stepan"]
[Black "Cerveny, Petr"]
[WhiteElo "2141"]
[BlackElo "2281"]
[Result "1/2-1/2"]
[PlyCount "107"]

1. e4 c6 2. Nc3 d5 3. Nf3 dxe4 4. Nxe4 Nf6 5. Qe2 Nxe4 6. Qxe4 Be6 7. c3 Nd7 8.
d4 Bd5 9. Qf4 g6 10. h4 Qb8 11. Qxb8+ Rxb8 12. Bf4 Rd8 13. Be2 Bg7 14. h5 O-O
15. hxg6 fxg6 16. Bg5 Rde8 17. O-O e5 18. dxe5 Nxe5 19. Nxe5 Bxe5 20. Bd1 Bf4
21. Bxf4 Rxf4 22. f3 a5 23. Kf2 a4 24. g3 Rf5 25. f4 Bc4 26. Re1 Rxe1 27. Kxe1
Rb5 28. b3 axb3 29. axb3 Bxb3 30. Be2 Rc5 31. Rb1 Bf7 32. Rxb7 Rxc3 33. Kf2 h5
34. Bf3 c5 35. Rc7 c4 36. Be4 Ra3 37. Rc8+ Kg7 38. Rc7 Ra5 39. Ke3 g5 40. fxg5
Rxg5 41. g4 hxg4 42. Kf4 Ra5 43. Kxg4 Kf6 44. Kf4 Rh5 45. Ke3 Rh4 46. Kd4 Be6
47. Rh7 Rg4 48. Rh6+ Ke7 49. Ke5 Rg5+ 50. Kd4 Kd6 51. Rf6 Rg4 52. Rf3 Bd5 53.
Rf6+ Ke7 54. Rg6 1/2-1/2

[Event "2LD 24/25,Jihlava B-Policka"]
[Site ""]
[Date "2024.12.01"]
[Round "4.2"]
[White "Cesenek, Jan"]
[Black "Vesely, Vitek"]
[WhiteElo "2072"]
[BlackElo "2192"]
[Result "1/2-1/2"]
[PlyCount "89"]

1. e4 c5 2. Nf3 d6 3. d4 cxd4 4. Nxd4 Nf6 5. Nc3 a6 6. f3 e6 7. Be3 b5 8. Qd2
b4 9. Nce2 e5 10. Nb3 Nc6 11. c4 Be6 12. Ng3 g6 13. Be2 Nd7 14. O-O Be7 15. Bh6
Nc5 16. f4 exf4 17. Qxf4 Qb6 18. Kh1 Nxb3 19. axb3 Ne5 20. c5 Qxc5 21. Bxa6 Nd7
22. Qd2 Qb6 23. Bg7 Rg8 24. Bd4 Qb8 25. Ra4 Qd8 26. Qxb4 Rb8 27. Bb5 Kf8 28.
Ra7 Nc5 29. e5 Nd3 30. Qd2 Nxe5 31. Qh6+ Rg7 32. Rxe7 Qxe7 33. Ra1 Qd8 34. Bc4
Ra8 35. Rd1 Qc7 36. Bxe6 fxe6 37. Ne4 Kg8 38. Nf6+ Kh8 39. Bc3 Rd8 40. h3 Rf7
41. Ne4 Kg8 42. Ng5 Re7 43. Ne4 Rf7 44. Ng5 Re7 45. Ne4 1/2-1/2

[Event "2LD 24/25,Jihlava B-Policka"]
[Site ""]
[Date "2024.12.01"]
[Round "4.3"]
[White "Zigo, Viktor"]
[Black "Novak, Ales"]
[WhiteElo "2155"]
[BlackElo "2089"]
[Result "1-0"]
[PlyCount "87"]

1. e4 d6 2. g3 d5 3. e5 c5 4. Bg2 Nc6 5. f4 h5 6. Nc3 Bg4 7. Bf3 Bxf3 8. Nxf3
e6 9. d3 Be7 10. Ne2 Nh6 11. c3 Nf5 12. Kf2 Qc7 13. Qa4 Qd7 14. Qc2 O-O-O 15.
d4 Kb8 16. Be3 Rc8 17. Qd2 b6 18. h3 f6 19. Rad1 c4 20. g4 Nh6 21. Kg3 Rh7 22.
Rh2 Rch8 23. Rdh1 Qe8 24. Qc2 Bd8 25. Bc1 Ne7 26. b3 Qb5 27. Ba3 Nhg8 28. Bd6+
Bc7 29. Bxc7+ Kxc7 30. b4 Qe8 31. a4 Nh6 32. b5 Qg6 33. Qxg6 Nxg6 34. Kg2 Rf8
35. exf6 gxf6 36. Kg3 Ne7 37. g5 Nhf5+ 38. Kf2 h4 39. Rg2 Rg7 40. Rhg1 fxg5 41.
Nxg5 Kd7 42. Rg4 Rfg8 43. Nf3 Ng6 44. Rxg6 1-0

[Event "2LD 24/25,Jihlava B-Policka"]
[Site ""]
[Date "2024.12.01"]
[Round "4.4"]
[White "Houska, Bronislav"]
[Black "Bukacek, Lubomir"]
[WhiteElo "1989"]
[BlackElo "2119"]
[Result "1/2-1/2"]
[PlyCount "30"]

1. Nf3 c5 2. g3 Nc6 3. c4 g6 4. Bg2 Bg7 5. O-O d6 6. Nc3 e5 7. d3 Nge7 8. a3
O-O 9. Ne1 Be6 10. Nd5 Qd7 11. Rb1 Bh3 12. Bh6 Nxd5 13. Bxg7 Kxg7 14. cxd5 Ne7
15. e4 Bxg2 1/2-1/2

[Event "2LD 24/25,Jihlava B-Policka"]
[Site ""]
[Date "2024.12.01"]
[Round "4.5"]
[White "Seidl, Antonin"]
[Black "Kastner, Oldrich"]
[WhiteElo "2079"]
[BlackElo "2017"]
[Result "0-1"]
[PlyCount "56"]

1. e4 e6 2. d3 d5 3. Nd2 Nf6 4. Ngf3 g6 5. c3 Bg7 6. b4 dxe4 7. dxe4 O-O 8. Qc2
b6 9. Bd3 Bb7 10. O-O Nbd7 11. Nc4 Qc8 12. Bb2 Ng4 13. Be2 Qd8 14. Rad1 Qe7 15.
Nfd2 Qh4 16. h3 Nge5 17. Nxe5 Nxe5 18. f4 Nc6 19. Bc1 Rad8 20. Nf3 Qg3 21. b5
Na5 22. c4 c5 23. e5 Bh6 24. Ne1 Rxd1 25. Qxd1 Be4 26. Bd3 Rd8 27. Rf3 Bxf3 28.
Qxf3 Qxe1+ 0-1

[Event "2LD 24/25,Jihlava B-Policka"]
[Site ""]
[Date "2024.12.01"]
[Round "4.6"]
[White "Lorenc, Oldrich"]
[Black "Jurek, Miroslav"]
[WhiteElo "1999"]
[BlackElo "2087"]
[Result "1/2-1/2"]
[PlyCount "47"]

1. Nf3 d5 2. g3 c6 3. Bg2 f5 4. d4 Nf6 5. Nbd2 e6 6. O-O Be7 7. Ne5 O-O 8. Ndf3
Qe8 9. Bg5 Ne4 10. Bxe7 Qxe7 11. e3 Nd7 12. c3 Rf6 13. h4 Rh6 14. a4 g5 15.
hxg5 Nxg5 16. a5 Nxf3+ 17. Qxf3 Nxe5 18. dxe5 Qg5 19. Ra4 Bd7 20. Qf4 Qh5 21.
Qh4 Qxh4 22. Rxh4 Rxh4 23. gxh4 f4 24. e4 1/2-1/2

[Event "2LD 24/25,Jihlava B-Policka"]
[Site ""]
[Date "2024.12.01"]
[Round "4.7"]
[White "Mouryc, Tomas"]
[Black "Komarkova, Magdalena"]
[WhiteElo "1954"]
[BlackElo "1958"]
[Result "1-0"]
[PlyCount "51"]

1. e4 c5 2. Nf3 d6 3. d4 cxd4 4. Nxd4 Nf6 5. Nc3 a6 6. Be3 e6 7. Be2 Be7 8. Qd2
O-O 9. f4 Qc7 10. g4 Nc6 11. g5 Ne8 12. O-O-O Nxd4 13. Bxd4 b5 14. Bd3 b4 15.
Ne2 e5 16. Be3 exf4 17. Bxf4 Be6 18. Kb1 Qb6 19. h4 f6 20. Rdg1 Bf7 21. Ng3 g6
22. h5 fxg5 23. hxg6 Bxa2+ 24. Kxa2 Rxf4 25. Bc4+ Kf8 26. Qd5 1-0

[Event "2LD 24/25,Jihlava B-Policka"]
[Site ""]
[Date "2024.12.01"]
[Round "4.8"]
[White "Sodomka, Adam"]
[Black "Fisar, Josef"]
[WhiteElo "1948"]
[BlackElo "2066"]
[Result "0-1"]
[PlyCount "52"]

1. e4 c5 2. Nf3 g6 3. d4 cxd4 4. Nxd4 Bg7 5. Nc3 Nc6 6. Nb3 Nf6 7. Be2 d6 8.
Be3 O-O 9. g4 Qd7 10. g5 Ng4 11. Qd2 Nxe3 12. Qxe3 Qh3 13. f3 Qh4+ 14. Kd2 Be5
15. Nd5 e6 16. f4 exd5 17. fxe5 d4 18. Nxd4 Nxd4 19. Qxd4 Qxg5+ 20. Kc3 dxe5
21. Qf2 Bd7 22. b3 Rac8+ 23. Kb2 Qd2 24. Rac1 Bb5 25. Rhe1 Bd3 26. Qf1 Qc3+ 0-1

[Event "2LD 24/25,Vysoke Myto-Lanskroun"]
[Site ""]
[Date "2024.12.01"]
[Round "4.1"]
[White "Sabol, Marian"]
[Black "Vyprachticky, David"]
[WhiteElo "2221"]
[BlackElo "2337"]
[Result "1-0"]
[PlyCount "87"]

1. d4 d5 2. c4 e6 3. Nf3 Nf6 4. g3 Be7 5. Bg2 O-O 6. O-O dxc4 7. Qc2 b5 8. a4
b4 9. Qxc4 Ba6 10. Qc2 c5 11. Ne5 Nd5 12. dxc5 Qc7 13. Nd3 Nc6 14. Bxd5 exd5
15. Bf4 Qd7 16. Nd2 g5 17. Ne5 Nd4 18. Nxd7 Nxc2 19. Nxf8 Kxf8 20. Bd6 Bxd6 21.
cxd6 Nxa1 22. Rxa1 Bxe2 23. Re1 Bg4 24. Re7 Rc8 25. f3 Be6 26. Nb3 Rc4 27. Rxa7
d4 28. Rc7 d3 29. Rxc4 Bxc4 30. Nd2 Ba6 31. Kf2 Ke8 32. Ke3 f5 33. Kd4 Kd7 34.
Kc5 f4 35. gxf4 gxf4 36. Kxb4 Kxd6 37. Kc3 Ke5 38. b4 Kf5 39. b5 Bb7 40. Kxd3
Kg5 41. a5 Kh4 42. a6 Bc8 43. Ne4 Kh3 44. Nd6 1-0

[Event "2LD 24/25,Vysoke Myto-Lanskroun"]
[Site ""]
[Date "2024.12.01"]
[Round "4.2"]
[White "Jirousek, Jan"]
[Black "Grundman, Vaclav"]
[WhiteElo "2044"]
[BlackElo "2058"]
[Result "1/2-1/2"]
[PlyCount "53"]

1. b3 c5 2. Bb2 Nc6 3. e3 d5 4. f4 Bf5 5. Nf3 e6 6. Bb5 Nf6 7. O-O Be7 8. d3
Qb6 9. Bxc6+ Qxc6 10. Ne5 Qb6 11. Nd2 c4 12. Bd4 Bc5 13. Ndf3 Ng4 14. Nxg4 Bxg4
15. dxc4 dxc4 16. bxc4 O-O-O 17. c3 f6 18. Qb3 Bxf3 19. Rxf3 Rd7 20. Qb5 Rc7
21. Rb1 Rd8 22. Rff1 e5 23. Qxb6 axb6 24. fxe5 fxe5 25. Bxe5 Bxe3+ 26. Kh1 Re7
27. Rb5 1/2-1/2

[Event "2LD 24/25,Vysoke Myto-Lanskroun"]
[Site ""]
[Date "2024.12.01"]
[Round "4.3"]
[White "Vesely, Tomas"]
[Black "Pokorny, Tomas"]
[WhiteElo "2028"]
[BlackElo "2192"]
[Result "1/2-1/2"]
[PlyCount "37"]

1. Nf3 Nf6 2. g3 d5 3. Bg2 e6 4. O-O c5 5. d4 Nc6 6. c4 dxc4 7. dxc5 Qxd1 8.
Rxd1 Bxc5 9. Nfd2 Na5 10. Na3 c3 11. bxc3 Bd7 12. Nb3 Bb6 13. Nxa5 Bxa5 14. Nc4
Bxc3 15. Ba3 Bxa1 16. Nd6+ Kf8 17. Nf5+ Kg8 18. Ne7+ Kf8 19. Nf5+ 1/2-1/2

[Event "2LD 24/25,Vysoke Myto-Lanskroun"]
[Site ""]
[Date "2024.12.01"]
[Round "4.4"]
[White "Duriancik, Michal"]
[Black "Trhal, Tomas"]
[WhiteElo "1926"]
[BlackElo "2048"]
[Result "1/2-1/2"]
[PlyCount "69"]

1. d4 Nf6 2. c4 e5 3. dxe5 Ng4 4. Nf3 Nc6 5. Nc3 Ngxe5 6. Nxe5 Nxe5 7. e4 Bb4
8. Be2 Bxc3+ 9. bxc3 O-O 10. O-O d6 11. f4 Nd7 12. Bd3 Nc5 13. Bc2 Re8 14. Qd4
Qe7 15. Re1 b6 16. Bd2 Bb7 17. e5 Red8 18. Qf2 dxe5 19. Rxe5 Qf6 20. Be3 Ne6
21. g4 Nc5 22. Bxc5 bxc5 23. g5 Qd6 24. Rae1 Rab8 25. Qh4 g6 26. R5e3 Qd2 27.
R1e2 Qc1+ 28. Qe1 Qxe1+ 29. Rxe1 Rd2 30. R1e2 Rbd8 31. Kf2 Kf8 32. Re5 Rxe2+
33. Kxe2 Re8 34. Rxe8+ Kxe8 35. Ke3 1/2-1/2

[Event "2LD 24/25,Vysoke Myto-Lanskroun"]
[Site ""]
[Date "2024.12.01"]
[Round "4.5"]
[White "Kosek, Marek"]
[Black "Pokorny, Jiri"]
[WhiteElo "2109"]
[BlackElo "2087"]
[Result "1-0"]
[PlyCount "65"]

1. d4 Nf6 2. Nf3 d5 3. c4 e6 4. g3 Ne4 5. Qb3 c6 6. Bg2 f5 7. O-O Bd6 8. Nc3
O-O 9. Ne5 Bxe5 10. dxe5 Nd7 11. cxd5 Nec5 12. Qc4 cxd5 13. Nxd5 Na6 14. Nf4
Nxe5 15. Qb5 Qc7 16. Be3 Nc6 17. Rac1 Bd7 18. Qb3 Rfe8 19. Rfd1 Kh8 20. Qc4 e5
21. Nd5 Qc8 22. b4 b5 23. Qxb5 Rb8 24. Qd3 e4 25. Qd2 Qb7 26. a3 Be6 27. Nf4
Bb3 28. Re1 Ba4 29. Bh3 Qf7 30. Qd5 Qxd5 31. Nxd5 Rf8 32. Nc3 Bb3 33. b5 1-0

[Event "2LD 24/25,Vysoke Myto-Lanskroun"]
[Site ""]
[Date "2024.12.01"]
[Round "4.6"]
[White "Solil, Roman"]
[Black "Jirsa, Lukas"]
[WhiteElo "1937"]
[BlackElo "2015"]
[Result "1-0"]
[PlyCount "85"]

1. e4 e6 2. d4 d5 3. exd5 exd5 4. Bd3 Bd6 5. Nf3 Nf6 6. O-O O-O 7. Bg5 Bg4 8.
c3 c6 9. Nbd2 Nbd7 10. Qc2 Qc7 11. Rfe1 Rfe8 12. Bh4 Bh5 13. Bg3 Bg6 14. Nh4
Bxg3 15. hxg3 Rxe1+ 16. Rxe1 Re8 17. Rxe8+ Nxe8 18. Nxg6 hxg6 19. Nf3 b5 20. a4
a6 21. b4 Nd6 22. a5 Qd8 23. Qe2 Kf8 24. Kf1 Nc4 25. Bxc4 dxc4 26. Qe4 Qf6 27.
g4 Qd6 28. g5 Qd5 29. Qf4 Ke7 30. Qc7 Qe4 31. Qb7 Qd3+ 32. Kg1 Kd6 33. Qxa6
Qxc3 34. Qb7 Qa1+ 35. Kh2 c3 36. d5 cxd5 37. Nd4 Qb2 38. Qc6+ Ke7 39. Qxd5 Qxf2
40. Qe4+ Kd8 41. a6 Nb6 42. a7 Qa2 43. Qb7 1-0

[Event "2LD 24/25,Vysoke Myto-Lanskroun"]
[Site ""]
[Date "2024.12.01"]
[Round "4.7"]
[White "Kosek, Jiri"]
[Black "Ambroz, Antonin"]
[WhiteElo "1938"]
[BlackElo "1924"]
[Result "1/2-1/2"]
[PlyCount "25"]

1. d4 Nf6 2. c4 g6 3. Nc3 Bg7 4. g3 O-O 5. Bg2 d6 6. e4 Nc6 7. Nge2 a6 8. O-O
Rb8 9. Rb1 Na5 10. b3 b5 11. c5 b4 12. Na4 d5 13. e5 1/2-1/2

[Event "2LD 24/25,Vysoke Myto-Lanskroun"]
[Site ""]
[Date "2024.12.01"]
[Round "4.8"]
[White "Vecer, Martin"]
[Black "Dosedel, Jiri"]
[WhiteElo "1780"]
[BlackElo "2005"]
[Result "1/2-1/2"]
[PlyCount "51"]

1. d4 Nf6 2. c4 g6 3. Nc3 Bg7 4. e4 d6 5. Be2 O-O 6. Nf3 Nbd7 7. O-O e5 8. Re1
c6 9. Bf1 Qc7 10. d5 c5 11. Nb5 Qb8 12. Bd2 a6 13. Nc3 h6 14. Qc1 Kh7 15. h3
Ng8 16. Bd3 Qc7 17. a3 Rb8 18. b4 f6 19. b5 a5 20. Na4 b6 21. Qd1 Rf7 22. Nh4
Nf8 23. f4 exf4 24. Bxf4 Kh8 25. Bh2 Qd8 26. Nf3 1/2-1/2

[Event "2LD 24/25,Namest n/Osl A-Jihlava A"]
[Site ""]
[Date "2024.12.01"]
[Round "4.1"]
[White "Walek, Petr"]
[Black "Rybackova, Lucie"]
[WhiteElo "2256"]
[BlackElo "2084"]
[Result "0-1"]
[PlyCount "182"]

1. e4 c6 2. d4 d5 3. e5 Bf5 4. Nf3 e6 5. Be2 Ne7 6. O-O Bg6 7. a4 Nf5 8. a5 a6
9. Nbd2 Nd7 10. c4 Be7 11. Nb3 O-O 12. Bd2 f6 13. g4 Nh6 14. exf6 Bd6 15. fxg7
Rxf3 16. Bxf3 Qh4 17. Re1 Qxh2+ 18. Kf1 Bd3+ 19. Re2 Nxg4 20. Be3 Nxe3+ 21.
fxe3 Bxc4 22. Rc1 Qg3 23. Nd2 Bxe2+ 24. Kxe2 e5 25. Qg1 Qg6 26. Qh1 Nf6 27. Rg1
Qf7 28. Qh4 exd4 29. exd4 Re8+ 30. Kd1 Qe7 31. Rg5 Qe3 32. Rf5 Bb4 33. Qf4 Bxd2
34. Qxe3 Bxe3 35. Rxf6 Bxd4 36. Rf8+ Rxf8 37. gxf8=Q+ Kxf8 38. Bg4 Ke7 39. Bc8
b6 40. axb6 Bxb6 41. Bxa6 Kd6 42. Ke2 c5 43. b3 Ke5 44. Kf3 Ba5 45. Bb5 h5 46.
Ke3 h4 47. Bf1 Be1 48. Ke2 Bg3 49. Ke3 Bf4+ 50. Kf3 d4 51. Kg4 Bg3 52. Bd3 Kd6
53. Bf1 Kd5 54. Bd3 Kc6 55. Kf3 Kb6 56. Ke2 Ka5 57. Kd2 Kb4 58. Kc2 h3 59. Be4
h2 60. Bd5 Bf4 61. Kd3 Ka3 62. Kc2 Bg5 63. Be4 Kb4 64. Bd5 Kb5 65. Kd3 Bf6 66.
Ba8 Bh4 67. Be4 Be1 68. Ba8 Kb6 69. Bg2 Kc7 70. Bf3 Kd6 71. Ke4 Ke6 72. Bg2 Bd2
73. Kd3 Be3 74. Ke4 Kf6 75. Bh1 Kg5 76. Kf3 Bg1 77. Ke4 Kg4 78. Kd3 Kg3 79. Ke2
Be3 80. Bd5 Bg5 81. Ba8 d3+ 82. Kxd3 Kf2 83. Kc4 Be7 84. Kd3 Kg1 85. Ke2 h1=Q
86. Bxh1 Kxh1 87. Kf1 Kh2 88. Kf2 Bd8 89. Kf3 Ba5 90. Ke4 Kg3 91. Kd5 Bb4 0-1

[Event "2LD 24/25,Namest n/Osl A-Jihlava A"]
[Site ""]
[Date "2024.12.01"]
[Round "4.3"]
[White "Enoeckl, Philipp"]
[Black "Kulovana, Eva"]
[WhiteElo "2304"]
[BlackElo "2117"]
[Result "1-0"]
[PlyCount "115"]

1. d4 d5 2. Nc3 Nf6 3. Bf4 c6 4. e3 g6 5. h4 Bg7 6. Be2 h5 7. Nf3 Nbd7 8. Ne5
Nxe5 9. Bxe5 b5 10. a3 a5 11. e4 dxe4 12. Nxe4 Be6 13. Bf3 Rc8 14. O-O O-O 15.
Re1 Nxe4 16. Bxe4 Bxe5 17. dxe5 Qxd1 18. Raxd1 a4 19. f3 Kg7 20. Kf2 Rc7 21.
Rd2 Rb8 22. Red1 Rcc8 23. Ke3 Kf8 24. Rg1 Kg7 25. g3 Rc7 26. Rgd1 Rcc8 27. Rd3
b4 28. Ra1 c5 29. axb4 Rxb4 30. Rda3 Rxb2 31. Rxa4 Bf5 32. Bxf5 gxf5 33. Rc4
Rb5 34. Ra7 e6 35. c3 Kg6 36. Ra6 Kg7 37. Kf4 Kg6 38. Ke3 Kg7 39. Ra7 Kg6 40.
Kf4 f6 41. Re7 Rb6 42. Ra4 Rd8 43. Raa7 fxe5+ 44. Kxe5 Rd5+ 45. Kf4 e5+ 46.
Rxe5 Rxe5 47. Kxe5 Rb3 48. Ra6+ Kg7 49. Kxf5 Rxc3 50. Kf4 c4 51. Rc6 Rc1 52.
Kg5 Rg1 53. g4 hxg4 54. fxg4 Rc1 55. Rc7+ Kf8 56. Kg6 c3 57. g5 c2 58. h5 1-0

[Event "2LD 24/25,Namest n/Osl A-Jihlava A"]
[Site ""]
[Date "2024.12.01"]
[Round "4.4"]
[White "Pavlis, Matej"]
[Black "Richterova, Natasa"]
[WhiteElo "1977"]
[BlackElo "2131"]
[Result "1-0"]
[PlyCount "103"]

1. d4 d5 2. c4 c6 3. Nf3 Nf6 4. Nc3 a6 5. a4 e6 6. Bg5 h6 7. Bh4 Nbd7 8. e3 Bb4
9. Bd3 dxc4 10. Bxc4 Qa5 11. Qc2 Nd5 12. Bxd5 exd5 13. O-O O-O 14. Rfc1 Re8 15.
Na2 Bd6 16. Rab1 Nb6 17. Bg3 Bxg3 18. hxg3 Qxa4 19. b3 Qb5 20. Nc3 Qb4 21. Na4
g6 22. Nh4 Kg7 23. Nc5 Nd7 24. Nd3 Qd6 25. Nf4 Nf8 26. Rb2 Bd7 27. b4 Rad8 28.
Nd3 Bc8 29. Nc5 Qf6 30. Nf3 Nd7 31. Qc3 h5 32. Qa3 Qe7 33. Re1 Qf6 34. Qc3 b6
35. Nd3 Bb7 36. Nfe5 Qd6 37. Rd2 Kg8 38. f4 Nf6 39. Nf2 Ra8 40. Qd3 Kg7 41. g4
hxg4 42. f5 g5 43. e4 dxe4 44. Qe3 Nh7 45. Nxe4 Qxb4 46. f6+ Kf8 47. Nxg5 Nxf6
48. Rf1 Rxe5 49. dxe5 Nd5 50. Qf2 Ke8 51. Qxf7+ Kd8 52. Ne6+ 1-0

[Event "2LD 24/25,Namest n/Osl A-Jihlava A"]
[Site ""]
[Date "2024.12.01"]
[Round "4.5"]
[White "Kratochvil, Vit"]
[Black "Zednicek, Filip"]
[WhiteElo "2232"]
[BlackElo "2015"]
[Result "1-0"]
[PlyCount "135"]

1. e4 e5 2. Nf3 Nc6 3. Bc4 Nf6 4. d3 Bc5 5. O-O O-O 6. c3 d6 7. a4 a6 8. Be3
Bg4 9. Nbd2 Bxe3 10. fxe3 d5 11. exd5 Nxd5 12. Qe2 Kh8 13. h3 Bh5 14. Ne4 f5
15. Ng3 Bg6 16. Bxd5 Qxd5 17. Nh4 Qe6 18. Rf2 Rf7 19. Raf1 Raf8 20. d4 Ne7 21.
Nf3 exd4 22. exd4 Qxe2 23. Nxe2 Nd5 24. Ne5 Re7 25. Nf4 Nxf4 26. Rxf4 Rf6 27.
b4 h6 28. g4 Be8 29. Rxf5 Rxf5 30. Rxf5 Kg8 31. a5 g6 32. Rf2 Kg7 33. Kh2 Re6
34. Kg3 Rd6 35. h4 b6 36. Ra2 c5 37. axb6 cxd4 38. Nc4 Rd8 39. cxd4 Bb5 40. Rc2
Rb8 41. Kf4 Bxc4 42. Rxc4 Rxb6 43. Ke5 Kf7 44. d5 Ke8 45. g5 hxg5 46. hxg5 Kd7
47. Rc6 Rxb4 48. Rxa6 Rb1 49. Ra7+ Kc8 50. Ke6 Rf1 51. Rg7 Re1+ 52. Kf6 Rd1 53.
Re7 Rxd5 54. Kxg6 Kd8 55. Re4 Rd6+ 56. Kh7 Rd7+ 57. Kh6 Rd1 58. g6 Rh1+ 59. Kg7
Rg1 60. Kf7 Rf1+ 61. Kg8 Kd7 62. g7 Rg1 63. Kf7 Rf1+ 64. Kg6 Rg1+ 65. Kf6 Kd6
66. Rf4 Rg2 67. Kf7 Ke5 68. Rf1 1-0

[Event "2LD 24/25,Namest n/Osl A-Jihlava A"]
[Site ""]
[Date "2024.12.01"]
[Round "4.6"]
[White "Brychta, Jan"]
[Black "Zezula, Jakub"]
[WhiteElo "2093"]
[BlackElo "2115"]
[Result "0-1"]
[PlyCount "96"]

1. e4 e5 2. Nf3 Nc6 3. d4 exd4 4. Nxd4 Nf6 5. Nc3 Bb4 6. Nxc6 bxc6 7. Bd3 d5 8.
exd5 O-O 9. O-O cxd5 10. Bg5 Be7 11. Ne2 h6 12. Bh4 c5 13. c4 d4 14. b4 Re8 15.
bxc5 Bxc5 16. Nc1 Qd6 17. Nb3 Ne4 18. Qc2 Bb7 19. Na5 Bc6 20. f3 Nc3 21. Nxc6
Qxc6 22. Rfe1 Rxe1+ 23. Bxe1 Re8 24. Kf1 Qf6 25. Bg3 Ne2 26. Re1 Nxg3+ 27. hxg3
Rxe1+ 28. Kxe1 Qe5+ 29. Kf2 Bd6 30. Qe2 Qxg3+ 31. Kf1 g6 32. Qe4 Bb4 33. f4 Bd2
34. f5 gxf5 35. Qe2 Qf4+ 36. Qf3 Qxf3+ 37. gxf3 f4 38. Ke2 Bb4 39. Bf5 Kg7 40.
Bd3 Kf6 41. Kf2 a5 42. Bf1 Ke5 43. Ke2 Bc5 44. Kd3 h5 45. Bh3 f5 46. a4 Kf6 47.
Bf1 Kg5 48. Ke2 d3+ 0-1

[Event "2LD 24/25,Namest n/Osl A-Jihlava A"]
[Site ""]
[Date "2024.12.01"]
[Round "4.7"]
[White "Kosut, Tomas"]
[Black "Brychta, David"]
[WhiteElo "1908"]
[BlackElo "2124"]
[Result "1-0"]
[PlyCount "77"]

1. e4 c5 2. Nf3 e6 3. d4 cxd4 4. Nxd4 a6 5. g3 Nf6 6. Bg2 d6 7. O-O Be7 8. Be3
Qc7 9. c3 O-O 10. Nd2 Nbd7 11. h3 Re8 12. Kh2 d5 13. f4 dxe4 14. Nxe4 Nxe4 15.
Bxe4 Nf6 16. Bg2 h5 17. Kh1 Bd7 18. Qb3 Rab8 19. a3 b5 20. Rad1 Rec8 21. Qc2 a5
22. Qd3 b4 23. cxb4 axb4 24. Rc1 Qd6 25. axb4 Rxc1 26. Rxc1 Rxb4 27. b3 h4 28.
g4 Nd5 29. Bd2 Rb8 30. Rf1 Nb4 31. Qe3 Bf6 32. Nf3 Nd5 33. Qa7 Bb5 34. Rf2 Nxf4
35. Bxf4 Qxf4 36. Ng5 Qxg5 37. Qxb8+ Kh7 38. Be4+ g6 39. Qf8 1-0

[Event "2LD 24/25,Namest n/Osl A-Jihlava A"]
[Site ""]
[Date "2024.12.01"]
[Round "4.8"]
[White "Rybacek, Martin"]
[Black "Miculka, David"]
[WhiteElo "1873"]
[BlackElo "2002"]
[Result "1/2-1/2"]
[PlyCount "82"]

1. Nf3 Nf6 2. g3 b6 3. Bg2 Bb7 4. O-O g6 5. b3 Bg7 6. Bb2 O-O 7. c4 d6 8. d4
Nbd7 9. Nbd2 c5 10. d5 b5 11. Qc2 Qc7 12. e4 bxc4 13. bxc4 Ne8 14. Bxg7 Nxg7
15. Bh3 Rfe8 16. Qc3 e5 17. Ne1 Nf8 18. f4 f6 19. Nd3 Bc8 20. Bxc8 Raxc8 21.
Rf3 Nd7 22. Raf1 Rf8 23. Nf2 exf4 24. Rxf4 Ne5 25. Ng4 Nxg4 26. Rxg4 f5 27.
Rgf4 Qe7 28. exf5 Rxf5 29. Ne4 Rcf8 30. Rxf5 Nxf5 31. Qd3 Nd4 32. Rxf8+ Qxf8
33. Qf1 Qe7 34. Qd3 Qe5 35. Kg2 h5 36. Qe3 Kg7 37. Qf4 Qxf4 38. gxf4 Nf5 39.
Kf3 Kf7 40. Nc3 a6 41. Ne4 Ke7 1/2-1/2

[Event "2LD 24/25,Rychnov n/Kn-Univerzita Brno"]
[Site ""]
[Date "2024.12.01"]
[Round "4.1"]
[White "Sabuk, Piotr"]
[Black "Gajdos, Daniel"]
[WhiteElo "2385"]
[BlackElo "2124"]
[Result "1-0"]
[PlyCount "63"]

1. d4 Nf6 2. c4 g6 3. Nc3 d5 4. cxd5 Nxd5 5. e4 Nxc3 6. bxc3 Bg7 7. Bc4 c5 8.
Ne2 O-O 9. O-O Nc6 10. Be3 Bg4 11. f3 Na5 12. Bxf7+ Rxf7 13. fxg4 Rxf1+ 14.
Kxf1 Qd6 15. e5 Qd5 16. Kg1 Rd8 17. Qe1 Nc6 18. Qb1 cxd4 19. cxd4 Nxe5 20. Nf4
Qf7 21. dxe5 Bxe5 22. Qc1 Bxa1 23. Qxa1 Qf6 24. Qc1 e5 25. Nd3 Qe6 26. Nf2 Qxa2
27. h3 a5 28. Qc7 Re8 29. g5 Qa3 30. Ng4 Qe7 31. Nf6+ Kh8 32. Nxe8 1-0